Distribucija na praktike

Salvato in:
Dettagli Bibliografici
Autore principale: Doroščuk, Nikolaj B.
Altri autori: Kuleša, Valerij V.
Natura: Libro
Lingua:russo
Pubblicazione: Moskva Dialektika 2005
Soggetti:
Tags: Aggiungi Tag
Nessun Tag, puoi essere il primo ad aggiungerne!!

MARC

LEADER 00000nam$a2200000$$$4500
001 0065232
005 20221129082507.8
020 |a 5-8459-0865-5 
041 0 |a rus 
044 |a RU 
245 1 0 |a Distribucija na praktike  |c Nikolaj Doroščuk, Valerij Kuleša 
264 1 |a Moskva  |b Dialektika  |c 2005 
300 |a 234 s.  |e 1 CD-ROM 
610 2 0 |a distribúcia 
610 2 0 |a obchod 
610 2 0 |a predaj 
610 2 0 |a pracovníci riadiaci 
610 2 0 |a kontrola 
610 2 0 |a motivácia 
610 2 0 |a zákazníci 
610 2 0 |a manažéri 
610 2 0 |a výkazy účtovné 
100 1 |a Doroščuk, Nikolaj B. 
700 1 |a Kuleša, Valerij V.